00642nam a2200193Ia 4500008004100000020001400041082002000055100004400075245003000119250000700149260004600156300002700202500001900229600002700248650001500275942000700290952013600297999001500433240925s9999 xx 000 0 und d a195471458 a621.3815324 SCH aSchaumann, Rolf ; Valkenburg ,M. E. Van 0aDesign of Analog Filters  aNA aKarachi:bOxford University Pressc,2001. axv,640p.bNAfOriginal aIncludes Index aEngineering Technology aTechnology cBK 001040708ETaUITUbUITUd2008-03-05eNGO Resource Centreg495.00l0o621.3815324 SCHpQ7395r2024-09-25 07:14:35w2024-09-25yBK c9894d9894